000 00581nam a2200157 a 4500
001 000032803
005 20200930065837.0
008 110726s1940 dr 000 0 spa d
040 _aDO-SdBNP
_bspa
_cBNPHU
082 _axxxx
_bR426i
100 1 _aRepública Dominicana.
_bSecretaría de Estado de Agricultura Industria y Trabajo
_958622
245 1 0 _aÍndice de las riquezas y posibilidades naturales y económicas que ofrece la República Dominicana.
260 _aCuidad Trujillo, República Dominicana :
_bImp. La Opinión,
_c1940.
300 _a44 p. ;
_c18 cm.
049 _aBNPD
999 _c32294
_d32294